000 00285nam a2200109Ia 4500
100 _aMegaval Somashekhar
245 0 _aBangalorean Mahatma Gandhi
264 _bBharathi Vidya Bhavan
_aBangalore
300 _a197
942 _cIR
999 _c120672
_d120672